Global perspectives on ecology

Αποθηκεύτηκε σε:
Λεπτομέρειες βιβλιογραφικής εγγραφής
Κύριος συγγραφέας: Emmel, Thomas C.
Άλλοι συγγραφείς: Hofmann, Lieselotte
Μορφή: Βιβλίο
Γλώσσα:English
Δημοσίευση: Palo Alto : Mayfield, 1977
Θέματα:
Ετικέτες: Προσθήκη ετικέτας
Δεν υπάρχουν, Καταχωρήστε ετικέτα πρώτοι!

MARC

LEADER 00000cam a2200000 i 4500
001 1/70847
008 940811s1977 eng d
020 |a 0-87484-338-3 
035 |l 10002624 
040 |a GR-MY-UA  |b gre  |e aacr 
041 0 |a eng 
082 0 |a 574.5 
100 1 |a Emmel, Thomas C. 
245 1 0 |a Global perspectives on ecology /  |c Thomas C. Emmel, with Lieselotte Hofmann 
260 |a Palo Alto :   |b Mayfield,   |c 1977 
300 |a viii, 522 p.;  |c 22 cm 
504 |a Includes bibliographical references and indexes 
650 0 0 |a Ecology. 
700 1 |a Hofmann, Lieselotte. 
852 |a INST  |b LESVOS  |e 19940811  |h 574.5 EMM  |p 005100003746  |q 005100003746  |t BK  |y 0 
909 |a Λ  |b 01783